=LDR 00000nam 2200000 4500 =001 INLIS000000000020508 =005 20130612115452 =008 ***********************************Ind** =035 ##$$0010-061300000020508 =041 ##$$a Ind =082 ##$$a 347.04 =090 ##$$a 347.04, Ras h =100 ##$$a Rasyid, Aoehan =245 ##$$a Hukumacara peradilan agama, oleh H. Roihan A. Rasyid =260 ##$$a 2005 $b Jakarta =300 ##$$a xix, 309 hlm, 21 cm =650 ##$$a Peradilan agama =850 ##$$a NBPNMAT